Basic electrical engineering (Record no. 7166)

000 -LEADER
fixed length control field 00658nam a2200217 4500
001 - CONTROL NUMBER
control field 7166
003 - CONTROL NUMBER IDENTIFIER
control field BD-DhUET
008 - FIXED-LENGTH DATA ELEMENTS--GENERAL INFORMATION
fixed length control field 740521s1975 nyua 001 0 eng
020 ## - INTERNATIONAL STANDARD BOOK NUMBER
International Standard Book Number 0070211523
040 ## - CATALOGING SOURCE
Original cataloging agency DLC
Transcribing agency DLC
Modifying agency BD-DhUET
082 00 - DEWEY DECIMAL CLASSIFICATION NUMBER
Classification number 623
Item number FIT/1975
100 1# - MAIN ENTRY--PERSONAL NAME
Personal name Fitzgerald, A. E.
245 10 - TITLE STATEMENT
Title Basic electrical engineering
Remainder of title circuits,electronics,machines,control
Statement of responsibility, etc. by A. E. Fitzgerald, David E. Higginbotham and Arvin Grabel
250 ## - EDITION STATEMENT
Edition statement 4th ed.
260 ## - PUBLICATION, DISTRIBUTION, ETC. (IMPRINT)
Place of publication, distribution, etc. New York
Name of publisher, distributor, etc. McGraw-Hill
Date of publication, distribution, etc. 1975
300 ## - PHYSICAL DESCRIPTION
Extent xiv, 817 p.
Other physical details illus.
Dimensions 24 cm.
650 #0 - SUBJECT ADDED ENTRY--TOPICAL TERM
Topical term or geographic name as entry element Electricity : Engineering
700 ## - ADDED ENTRY--PERSONAL NAME
Personal name Higginbotham, David E.
700 ## - ADDED ENTRY--PERSONAL NAME
Personal name Grabel, Arvin
942 ## - ADDED ENTRY ELEMENTS (KOHA)
Koha item type General Book
Holdings
Koha full call number Date acquired Piece designation (barcode) Koha date last borrowed Withdrawn status Copy number Koha issues (times borrowed) Koha item type Location (home branch) Lost status Koha normalized classification for sorting Shelving location Damaged status Koha date last seen Source of classification or shelving scheme Sublocation or collection (holding branch) Not for loan Price effective from
623/PIT/19752014-12-07653642018-07-21 11General BookCentral Library, BUET 623PIT1975Circulation section 2018-08-04 Central Library, BUET 2014-12-07
623/PIT/19752015-03-1243309  2 General BookCentral Library, BUET 623_000000000000000_PIT_1975Circulation section 2015-03-12 Central Library, BUET 2015-03-12
623/PIT/19752015-03-1243314  3 General BookCentral Library, BUET 623_000000000000000_PIT_1975Circulation section 2015-03-12 Central Library, BUET 2015-03-12
623/PIT/19752015-03-1243676  4 General BookCentral Library, BUET 623_000000000000000_PIT_1975Circulation section 2015-03-12 Central Library, BUET 2015-03-12
623/PIT/19752015-03-1242843  5 General BookCentral Library, BUET 623_000000000000000_PIT_1975Circulation section 2015-03-12 Central Library, BUET 2015-03-12
623/FIT/19752015-04-1643308  6 General BookCentral Library, BUET 623_000000000000000_FIT_1975Circulation section 2015-04-16 Central Library, BUET 2015-04-16
623/FIT/19752015-04-1843316  7 General BookCentral Library, BUET 623_000000000000000_FIT_1975Circulation section 2015-04-18 Central Library, BUET 2015-04-18
623/FIT/19752015-04-2143310  8 General BookCentral Library, BUET 623_000000000000000_FIT_1975Circulation section 2015-04-21 Central Library, BUET 2015-04-21
623/FIT/19752015-04-2143677  9 General BookCentral Library, BUET 623_000000000000000_FIT_1975Circulation section 2015-04-21 Central Library, BUET 2015-04-21
623/FIT/19752015-04-2143313  10 General BookCentral Library, BUET 623_000000000000000_FIT_1975Circulation section 2015-04-21 Central Library, BUET 2015-04-21
623/FIT/19752015-04-2143307  11 General BookCentral Library, BUET 623_000000000000000_FIT_1975Circulation section 2015-04-21 Central Library, BUET 2015-04-21
623/FIT/19752015-04-2151101  12 General BookCentral Library, BUET 623_000000000000000_FIT_1975Circulation section 2015-04-21 Central Library, BUET 2015-04-21
623/FIT/19752015-06-2842841  13 Reading ItemCentral Library, BUET 623_000000000000000_FIT_1975Reading section 2015-06-28 Central Library, BUET 2015-06-28
623/FIT/19752015-06-2842840  14 Reading ItemCentral Library, BUET 623_000000000000000_FIT_1975Reading section 2015-06-28 Central Library, BUET 2015-06-28
623/FIT/19752015-06-2843679  15 Reading ItemCentral Library, BUET 623_000000000000000_FIT_1975Reading section 2015-06-28 Central Library, BUET 2015-06-28